000 nam a22 a 4500
999 _c2533
_d2533
003 AKMAL
005 20170517105228.0
008 170517s1995 my 00 eng d
020 _a9676105023 (pbk.):
_cRM 29.90
040 _aAKMAL
082 0 4 _a615.5 HEL
090 _a615.5
_bHEL
100 1 _aHelena Abdullah
_95271
245 1 0 _aInnovative Bekam :
_ba modern science of healing for instant pain relief, prevention of diseases, treatment of diseases, restoration of physical and mental functions /
_cDr. Helena Abdullah
260 _aKuala Lumpur :
_bUtusan Publications & Distributors,
_c1995
300 _a215p. :
_bcol. ill. ;
_c22cm
500 _aIncludes index
650 _aHealing
_95272
650 _aTraditional medicine
_95273
650 _aAlternative medicine
_92974
942 _2ddc
_cBOOK